| 000 | 00854nam a2200265 4500 | ||
|---|---|---|---|
| 003 | CBULib | ||
| 005 | 20240527092155.0 | ||
| 008 | 240527b |||||||| |||| 00| 0 eng d | ||
| 020 | _a9789211128109 | ||
| 040 |
_aCBUlib _bEnglish _cCBULib _erda |
||
| 041 | _aeng | ||
| 050 | _aUNCTAD(058)RMT/2010 | ||
| 110 | _aUnited Nations Conference on Trade and Development (UNCTAD) | ||
| 245 |
_aReview of maritime transport 2010 _c/ by United Nations Conference on Trade and Development (UNCTAD) |
||
| 260 |
_aGeneva : _bUnited Nations, _c2012 |
||
| 300 | _axv, 192 pages : illustrtions | ||
| 336 |
_2rdacontent _aText | _btxt |
||
| 337 |
_2rdamedia _aUnmediated | _bn |
||
| 338 |
_2rdacarrier _aVolume _bnc |
||
| 650 | _aMARITIME LAW | ||
| 650 | _aTRADE AND DEVELOPMENT | ||
| 650 | _aTRADE--TRANSPORT | ||
| 650 | _aFREIGHT MARKETS | ||
| 942 |
_2mc _c029 |
||
| 999 |
_c85006 _d85006 |
||